Anténny stožiar vo Vajnoroch

Gespeichert in:
Bibliographische Detailangaben
1. Verfasser: Kolenčík, Roman (Verfasst von)
Weitere Verfasser: Živner, Tomáš (Betreuung Doktorarbeit)
Format: Manuskript Buch
Sprache:Slowakisch
Veröffentlicht: 2016
Schlagworte:
Online-Zugang:http://is.stuba.sk/zp/portal_zp.pl?podrobnosti=108437
https://opac.crzp.sk/?fn=detailBiblioForm&sid=CAF43C23BCEFEBA4BFC51EBCB6F5
Tags: Tag hinzufügen
Keine Tags, Fügen Sie das erste Tag hinzu!

MARC

LEADER 00000ntm a22000003a 4500
001 stuzp57231
003 SK-STU
005 20230622143433.7
007 ta
008 150427s2015----xo-----f-mn---000-0-slo-d
040 |a STU  |b slo 
041 0 |a slo 
100 1 |a Kolenčík, Roman  |u 010190  |4 aut  |U SvF Stavebná fakulta  |T SvF Katedra kovových a drevených konštrukcií  |X 63095  |U V190  |Y 21  |7 63095 
242 0 1 |a Anténny stožiar vo Vajnoroch  |y eng 
245 1 0 |a Anténny stožiar vo Vajnoroch 
260 |c 2016 
650 4 |a štvorboký  |2 slo 
650 4 |a Anténny stožiar  |2 slo 
650 4 |a trojboký  |2 slo 
650 4 |a tetrahedral  |2 eng 
650 4 |a Anténny stožiar  |2 eng 
650 4 |a trilateral  |2 eng 
700 1 |a Živner, Tomáš  |4 ths  |X 10326  |7 A000010326 
856 4 |u http://is.stuba.sk/zp/portal_zp.pl?podrobnosti=108437 
856 4 |u https://opac.crzp.sk/?fn=detailBiblioForm&sid=CAF43C23BCEFEBA4BFC51EBCB6F5 
SQL |a stuzp57231  |b DBP  |c SLO  |d Anténny stožiar vo Vajnoroch  |e 63095  |f Kolenčík, Roman  |g 010190  |h 10326  |i Živner, Tomáš  |j 20160621  |k 1  |l 01  |m http://is.stuba.sk/zp/portal_zp.pl?podrobnosti=108437  |n B-IKD  |o 5.1.5. inžinierske konštrukcie a dopravné stavby